00641nam a2200169 i 450000100060000000300090000600500170001500700030003200800410003510000270007624501830010326000680028630000520035465000270040670000160043385200220044931770ES-MaACL20230906154435.0t|030130s1957 sp ||||1| spa d1 aBaumgarten, Franziska.10aExámenes de aptitud profesional b: teoría y práctica / cpor Franziska Baumgarten ; traducción española revisada y puesta al día con la colaboración de J. Germain. aBarcelona : bLabor, c1957 (fTalls. Gráfs. Iberoamericanos) aXII, 722 p. : bil., 2 gráf. pleg. ; c22 cm. aTests psicotécnicos.1 aGermain, J. aES-MaACLjC-12874